000 00901nam a22003130a 4500
001 PT46260
003 AR-LpoUNG
005 20210131231110.0
008 191001s1994||||sp |||||||||||||||||spa d
020 _a8428108277
_c$51
040 _aAR-LpoUNG
_bspa
_cAR-LpoUNG
_eaacr
041 _aspa
044 _asp
082 0 _a910.011 3 743pra
100 1 _aBosque Sendra, Joaquín
245 1 0 _aPrácticas de análisis exploratorio y multivariante de datos
250 _a1ª ed.
260 _aBarcelona :
_bOikos -Tau,
_c1994.
300 _a214 p. :
_btbls., gráfs., mapas
650 4 _aANALISIS DE DATOS
650 4 _aDISTRIBUCION GEOGRAFICA
650 4 _aPROCESAMIENTO ELECTRONICO DE DATOS
650 4 _aSISTEMAS DE INFORMACION GEOGRAFICA
651 4 _aDOCUMENTOS TEORICOS O METODOLOGICOS
653 _aSIG
700 1 _aMoreno Jiménez, Antonio
905 _a46260
942 _cLIB
999 _c7994
_d7994